Guess Partially Recognized Country by Year of Declared Independence - Statistics

General Stats
  • This quiz has been taken 3 times
  • The average score is 8 of 16
Answer Stats
Hint Answer % Correct
1992 Abkhazia
67%
1948 Israel
67%
2008 Kosovo
67%
1974 Niue
67%
1988 Palestine
67%
1991 Somaliland
67%
1992 South Ossetia
67%
1949 Taiwan
67%
1949 China
33%
1965 Cook Islands
33%
1960 Cyprus
33%
1948 North Korea
33%
1976 Sahrawi Arab Democratic Republic
33%
1948 South Korea
33%
1991 Transnistria
33%
1983 Northern Cyprus
0%
No matching quizzes found
Score Distribution
Percent of People with Each Score
Percentile by Number Answered
Your Score History
You have not taken this quiz